000 01226nam a2200325 i 4500
001 000016575
003 DO-SdBNP
005 20250423142931.0
007 ta
008 100308s1991 dr 000 0 spa d
040 _aDO-SdBNP
_bspa
_cBNPHU
_erda
082 4 _a345
_bY47s
_222
100 1 _aYépez Suncar, Luis S.,
_eautor
_4aut.
_936856
245 1 3 _aEl SIDA en el derecho penal de la República Dominicana /
_cLuis S. Yépez Suncar ; prólogo Artagnan Pérez Méndez.
264 1 _aSanto Domingo :
_bCorripio,
_c1991.
300 _a99 páginas ;
_c22 cm.
336 _atexto
_btxt
_2rdacontent
337 _asin mediación
_bn
_2rdamedia
338 _avolumen
_bnc
_2rdacarrier
500 _aIncluye datos biográficos del autor en las solapas
500 _aIncluye referencias bibliográficas y notas al pie de las páginas
504 _aBibliografía : páginas 95-99
590 _aInventariado, 2018/DG
650 4 _aDerecho penal
_zRepública Dominicana
_916470
650 0 _aSIDA (Enfermedad)
_xLegislación
_952709
650 4 _aSida
_zRepública Dominicana
_913941
700 1 2 _aPèrez Mèndez, Artagnan,
_d1929-2017
_eprologuista
_4pr.
_977104
910 _aValidado. Control de calidad MFF
942 _2ddc
_cLBS1
999 _c16108
_d16108